[Event "2nd GMA World Cup prel  #1"]
[Site "Belgrade YUG"]
[Date "1988.??.??"]
[Round "?"]
[White "Krnic, Zdenko"]
[Black "Samovojska, Damir"]
[Result "0-1"]
[WhiteElo "2430"]
[BlackElo "2365"]
[EventDate "1988.12.??"]
[PlyCount "77"]

1.Nf3 Nf6 2.c4 c6 3.g3 d5 4.b3 Bf5 5.d3 e6 6.Nbd2 Be7 7.Bg2 h6 8.O-O O-O 
9.Bb2 Nbd7 10.Qb1 Bh7 11.a3 a5 12.Bc3 b5 13.cxb5 cxb5 14.b4 axb4 15.axb4 
Rxa1 16.Qxa1 Qb6 17.Nb3 Rc8 18.Rc1 Ne8 19.Bd4 Rxc1+ 20.Qxc1 Qb7 21.Qc3 Bg6
22.Na5 Qc7 23.Nc6 Bd6 24.Nfe5 Nxe5 25.Nxe5 Bh5 26.Kf1 f6 27.Nc6 Bf7 28.f4 
g5 29.e3 Kg7 30.Ke2 gxf4 31.gxf4 Bh5+ 32.Kd2 Kh7 33.Bh3 Bxf4 34.Bxe6 Bg5 
35.h3 Qh2+ 36.Kc1 Bg6 37.Ne7 Qg1+ 38.Kb2 Bxe3 39.Bxe3 0-1

[Event "2nd GMA World Cup prel  #1"]
[Site "Belgrade YUG"]
[Date "1988.??.??"]
[Round "?"]
[White "Krnic, Zdenko"]
[Black "Vratonjic, Slobodan"]
[Result "1-0"]
[WhiteElo "2430"]
[BlackElo "2360"]
[EventDate "1988.12.??"]
[PlyCount "107"]

1.Nf3 c5 2.c4 Nf6 3.g3 g6 4.Bg2 Bg7 5.O-O O-O 6.d4 cxd4 7.Nxd4 Nc6 8.Nc3 
Ng4 9.e3 d6 10.b3 Nxd4 11.exd4 Nh6 12.Bb2 Nf5 13.Ne2 Rb8 14.a4 e6 15.Qd3 
a6 16.Ra2 b5 17.cxb5 axb5 18.a5 d5 19.b4 Nd6 20.Rfa1 Ba6 21.Nc1 Rc8 22.Nb3
Rc4 23.Nc5 Qc8 24.Qd2 Nf5 25.Bf1 Nxd4 26.Qd1 Rxb4 27.Nxa6 Rxb2 28.Rxb2 
Qxa6 29.Rba2 Rb8 30.Rb1 Qa7 31.Rb4 e5 32.Bg2 Qc5 33.Rb1 e4 34.a6 Ra8 35.
Qd2 h5 36.Qb4 Qc7 37.Qa5 Ne2+ 38.Kh1 Qc4 39.Bf1 Qd3 40.Qe1 Qf3+ 41.Bg2 Qd3
42.Rxe2 Rxa6 43.Rd2 Qc4 44.Bf1 Qc3 45.Rxd5 Ra2 46.Rd8+ Kh7 47.Qxc3 Bxc3 
48.Kg1 f5 49.Bxb5 h4 50.Rd6 hxg3 51.hxg3 Ra8 52.Bc4 Ra7 53.Rbb6 Rg7 54.Be6
1-0

[Event "2nd GMA World Cup prel  #1"]
[Site "Belgrade YUG"]
[Date "1988.??.??"]
[Round "?"]
[White "Laketic, Gojko"]
[Black "Zaichik, Gennadi"]
[Result "0-1"]
[WhiteElo "2400"]
[BlackElo "2510"]
[EventDate "1988.12.??"]
[PlyCount "96"]

1.d4 d6 2.Nf3 Nf6 3.Nc3 g6 4.e4 Bg7 5.Be2 O-O 6.O-O c6 7.a4 Qc7 8.a5 Nbd7 
9.Be3 Rb8 10.Nd2 b5 11.axb6 axb6 12.d5 Bb7 13.dxc6 Bxc6 14.Nb5 Bxb5 15.
Bxb5 Nc5 16.Qf3 Qb7 17.Rfe1 Nfxe4 18.Nxe4 Nxe4 19.Ba6 Qc6 20.Bf4 f5 21.
Qb3+ Kh8 22.Bb5 Qc7 23.c3 e5 24.Be3 f4 25.f3 Nc5 26.Bxc5 bxc5 27.c4 d5 28.
Qc2 e4 29.fxe4 dxc4 30.Qxc4 f3 31.gxf3 Rxf3 32.Rad1 Qa5 33.Bc6 Bd4+ 34.Kh1
Rxb2 35.Re2 Rxe2 36.Qxe2 Rf2 37.Qb5 Qc7 38.e5 Rb2 39.Qa4 Qxe5 40.Bg2 Kg7 
41.Rf1 h5 42.Qd7+ Kh6 43.Qf7 Qg5 44.Be4 Rxh2+ 45.Kxh2 Qh4+ 46.Kg2 Qg4+ 47.
Kh2 Be5+ 48.Kh1 Qh3+ 0-1

[Event "2nd GMA World Cup prel  #1"]
[Site "Belgrade YUG"]
[Date "1988.??.??"]
[Round "?"]
[White "Lazic, Dragoljub"]
[Black "Ciric, Dragoljub"]
[Result "0-1"]
[WhiteElo "2315"]
[BlackElo "2395"]
[EventDate "1988.12.??"]
[PlyCount "58"]

1.e4 c6 2.d4 d5 3.Nd2 dxe4 4.Nxe4 Nf6 5.Nxf6+ gxf6 6.Nf3 Bg4 7.Be2 e6 8.
O-O Qc7 9.c4 Nd7 10.Be3 O-O-O 11.Qa4 Kb8 12.b4 Rg8 13.Kh1 f5 14.g3 Nf6 15.
Rfe1 Ne4 16.Rac1 f4 17.gxf4 Bd6 18.Ne5 Bxe2 19.Rxe2 f6 20.Qc2 fxe5 21.fxe5
Rg4 22.f3 Qf7 23.fxg4 Qf3+ 24.Rg2 Qxe3 25.exd6 Rf8 26.d7 Kc7 27.d5 Nf2+ 
28.Rxf2 Rxf2 29.d6+ Kd8 0-1

[Event "2nd GMA World Cup prel  #1"]
[Site "Belgrade YUG"]
[Date "1988.??.??"]
[Round "?"]
[White "Lazic, Dragoljub"]
[Black "Marinkovic, Ivan"]
[Result "1/2-1/2"]
[WhiteElo "2315"]
[BlackElo "2420"]
[EventDate "1988.12.??"]
[PlyCount "88"]

1.e4 Nf6 2.e5 Nd5 3.d4 d6 4.Nf3 g6 5.Bc4 Nb6 6.Bb3 Bg7 7.O-O O-O 8.Qe2 d5 
9.Bf4 Bg4 10.Nbd2 e6 11.Qe3 Bxf3 12.Nxf3 a5 13.a4 Nc6 14.Bg5 Qd7 15.c3 Ne7
16.Bc2 Rac8 17.Bd3 Nf5 18.Qe2 h6 19.Bd2 Qe7 20.b3 c5 21.Bxf5 gxf5 22.Qb5 
Qc7 23.Qxa5 c4 24.b4 Ra8 25.Qb5 Qc6 26.Qxc6 bxc6 27.a5 Nc8 28.Ne1 Na7 29.
Nc2 Nb5 30.f4 f6 31.exf6 Bxf6 32.Rfe1 Kf7 33.Kf1 Rg8 34.Na3 Nd6 35.Re3 Rg6
36.Be1 Be7 37.Rg3 Rxg3 38.Bxg3 Ne4 39.Be1 Bd6 40.g3 h5 41.Nc2 Ke7 42.Kg2 
Kd7 43.Kf3 Kc7 44.Ne3 Kb7 1/2-1/2

[Event "2nd GMA World Cup prel  #1"]
[Site "Belgrade YUG"]
[Date "1988.??.??"]
[Round "?"]
[White "Lazic, Dragoljub"]
[Black "Tosic, Miroslav"]
[Result "1/2-1/2"]
[WhiteElo "2315"]
[BlackElo "2405"]
[EventDate "1988.12.??"]
[PlyCount "20"]

1.e4 c5 2.Nf3 e6 3.d4 cxd4 4.Nxd4 Nc6 5.Nxc6 bxc6 6.Bd3 d5 7.Qe2 Nf6 8.Nd2
Be7 9.O-O O-O 10.b3 a5 1/2-1/2

[Event "2nd GMA World Cup prel  #1"]
[Site "Belgrade YUG"]
[Date "1988.??.??"]
[Round "?"]
[White "Lazic, Dragoljub"]
[Black "Vuruna, Miodrag"]
[Result "1/2-1/2"]
[WhiteElo "2315"]
[BlackElo "2320"]
[EventDate "1988.12.??"]
[PlyCount "94"]

1.e4 c5 2.Nf3 d6 3.d4 cxd4 4.Nxd4 Nf6 5.Nc3 e6 6.f4 a6 7.Qf3 Qb6 8.Nb3 Qc7
9.Bd3 b5 10.a3 Bb7 11.O-O Nbd7 12.Kh1 Be7 13.Bd2 Nc5 14.Nd4 O-O 15.b4 Nxd3
16.cxd3 Nd7 17.Rac1 Qd8 18.Qh3 Bf6 19.Be3 Re8 20.f5 Nf8 21.Nf3 Rc8 22.Bd4 
Nd7 23.fxe6 fxe6 24.Ne2 e5 25.Be3 Nf8 26.Ng3 g6 27.Ne2 Qe7 28.Qg3 Ne6 29.
h4 Ng7 30.Ng5 Rxc1 31.Rxc1 Rc8 32.Rxc8+ Bxc8 33.Nc3 Bb7 34.Qg4 h6 35.Nh3 
Kh7 36.Ng5+ Bxg5 37.hxg5 Qe6 38.Qxe6 Nxe6 39.gxh6 g5 40.Ne2 Kxh6 41.Ng3 d5
42.Nf5+ Kh5 43.Nd6 Ba8 44.Nf7 dxe4 45.Nxe5 exd3 46.Nxd3 Kg4 47.Kg1 Kf5 
1/2-1/2

[Event "2nd GMA World Cup prel  #1"]
[Site "Belgrade YUG"]
[Date "1988.??.??"]
[Round "?"]
[White "Lazic, Miroljub"]
[Black "Blagojevic, Dragisa"]
[Result "1-0"]
[WhiteElo "2375"]
[BlackElo "2445"]
[EventDate "1988.12.??"]
[PlyCount "97"]

1.e4 e5 2.Nf3 Nc6 3.d4 exd4 4.Bc4 Nf6 5.e5 Ne4 6.Qe2 Nc5 7.Ng5 Ne6 8.Nxe6 
dxe6 9.Bf4 d3 10.Qxd3 Qxd3 11.Bxd3 Bd7 12.Bg3 Nb4 13.Be4 Bc6 14.Bxc6+ Nxc6
15.c3 h5 16.f4 h4 17.Bf2 g5 18.fxg5 Rh5 19.Nd2 Rxg5 20.O-O h3 21.Bg3 hxg2 
22.Rfe1 O-O-O 23.Re2 Rd5 24.Nf3 Rh5 25.Kxg2 Bg7 26.Rae1 Kd7 27.h4 Ke8 28.
Kh3 Ne7 29.Rd2 Rf5 30.Rxd5 Nxd5 31.Kg4 c5 32.h5 Bh6 33.Bf2 b6 34.Re4 Bc1 
35.c4 Nf4 36.h6 Ng6 37.h7 Kf8 38.Re1 Bh6 39.Bh4 Rf4+ 40.Kg3 Kg7 41.Bf6+ 
Rxf6 42.exf6+ Kxf6 43.Rd1 Ke7 44.Kg4 Bg7 45.b3 Nf8 46.Rh1 Bh8 47.Kg5 f6+ 
48.Kh6 Kf7 49.Rg1 1-0

[Event "2nd GMA World Cup prel  #1"]
[Site "Belgrade YUG"]
[Date "1988.??.??"]
[Round "?"]
[White "Lazic, Miroljub"]
[Black "Huzman, Alexander"]
[Result "0-1"]
[WhiteElo "2375"]
[BlackElo "2465"]
[EventDate "1988.12.??"]
[PlyCount "76"]

1.Nf3 Nf6 2.g3 g6 3.Bg2 Bg7 4.O-O O-O 5.d3 c5 6.e4 Nc6 7.Nc3 d6 8.h3 Rb8 
9.Be3 b5 10.Qd2 b4 11.Ne2 Nd7 12.Rab1 Qa5 13.Nc1 Ba6 14.Bh6 c4 15.Bxg7 
Kxg7 16.dxc4 Bxc4 17.Rd1 Rfc8 18.Nh2 Be6 19.b3 Rb5 20.Nf1 Nf6 21.Ne3 Re5 
22.f3 Qb6 23.Kh2 Rc5 24.Nd3 Rc3 25.a3 a5 26.axb4 axb4 27.Rdc1 Nd4 28.f4 
Qb5 29.Nf2 Qc5 30.Nd3 Qh5 31.f5 Bd7 32.g4 Qh4 33.Kg1 Bb5 34.Nf4 Nf3+ 35.
Bxf3 Qg3+ 36.Neg2 Rxf3 37.Qd4 Rxf4 38.Qxb4 Rf2 0-1

[Event "2nd GMA World Cup prel  #1"]
[Site "Belgrade YUG"]
[Date "1988.??.??"]
[Round "?"]
[White "Lazic, Miroljub"]
[Black "Klinger, Josef"]
[Result "0-1"]
[WhiteElo "2375"]
[BlackElo "2475"]
[EventDate "1988.12.??"]
[PlyCount "86"]

1.Nf3 c5 2.g3 b6 3.Bg2 Bb7 4.O-O Nf6 5.d3 e6 6.e4 d6 7.Nc3 Be7 8.Ne1 Qc7 
9.f4 Nc6 10.Bd2 a6 11.Ne2 h5 12.h3 O-O-O 13.Nf3 Nh7 14.c3 Rhg8 15.Ng5 Bxg5
16.fxg5 Qe7 17.h4 f6 18.g6 Nf8 19.Nf4 Rh8 20.d4 Kb8 21.b4 cxd4 22.cxd4 Qe8
23.Be3 Ne7 24.d5 e5 25.Nxh5 Qxg6 26.Bxb6 Rc8 27.g4 Nd7 28.Be3 Rc4 29.Qe2 
Nxd5 30.Qxc4 Nxe3 31.Qe6 Nxg2 32.Ng3 Nxh4 33.Qxd7 Qg5 34.Qxd6+ Ka8 35.Qd3 
Qxg4 36.Kf2 f5 37.exf5 e4 38.Qe3 Rd8 39.Nxe4 Bxe4 40.Rg1 Qxf5+ 41.Kg3 Rd3 
42.Qxd3 Bxd3 43.Kxh4 Qf4+ 0-1

[Event "2nd GMA World Cup prel  #1"]
[Site "Belgrade YUG"]
[Date "1988.??.??"]
[Round "?"]
[White "Lazic, Miroljub"]
[Black "Timoshenko, Georgy"]
[Result "1/2-1/2"]
[WhiteElo "2375"]
[BlackElo "2515"]
[EventDate "1988.12.??"]
[PlyCount "98"]

1.Nf3 g6 2.g3 Bg7 3.Bg2 c5 4.O-O Nc6 5.d3 e6 6.e4 Nge7 7.Nc3 O-O 8.Be3 d6 
9.d4 cxd4 10.Nxd4 a6 11.h3 Qc7 12.Qd2 Rd8 13.Rac1 b5 14.Nxc6 Nxc6 15.b3 
Qa5 16.Ne2 Qxd2 17.Bxd2 Bb7 18.Rfd1 a5 19.Bc3 Bh6 20.Bd2 Bf8 21.Bf4 Nb4 
22.c3 Na6 23.Bg5 Rdc8 24.Nd4 Nc7 25.c4 b4 26.Be3 Ra6 27.Nb5 Ne8 28.e5 Bxg2
29.exd6 Nxd6 30.Kxg2 Ne4 31.Rd7 Nc5 32.Bxc5 Bxc5 33.Rcd1 a4 34.Rd8+ Rxd8 
35.Rxd8+ Kg7 36.Rc8 Bf8 37.Nc7 axb3 38.axb3 Ra5 39.Ne8+ Kh6 40.h4 Bc5 41.
g4 g5 42.Rc7 gxh4 43.Rxf7 Ra8 44.Rf6+ Kg5 45.Rxe6 Kxg4 46.Re4+ Kf5 47.Rxh4
Kg5 48.Re4 Kf5 49.Rh4 Kg5 1/2-1/2

[Event "2nd GMA World Cup prel  #1"]
[Site "Belgrade YUG"]
[Date "1988.??.??"]
[Round "?"]
[White "Legky, Nikolai"]
[Black "Barbero, Gerardo"]
[Result "1/2-1/2"]
[WhiteElo "2380"]
[BlackElo "2505"]
[EventDate "1988.12.??"]
[PlyCount "31"]

1.d4 d5 2.c4 c6 3.Nc3 Nf6 4.e3 g6 5.Nf3 Bg7 6.Bd3 Bg4 7.h3 Bxf3 8.Qxf3 O-O
9.O-O Qd6 10.Rd1 Nbd7 11.cxd5 cxd5 12.Bd2 e5 13.dxe5 Nxe5 14.Qe2 Nxd3 15.
Qxd3 Qe5 16.Be1 1/2-1/2

[Event "2nd GMA World Cup prel  #1"]
[Site "Belgrade YUG"]
[Date "1988.??.??"]
[Round "?"]
[White "Legky, Nikolai"]
[Black "Jukic, Mirko"]
[Result "1-0"]
[WhiteElo "2380"]
[BlackElo "2470"]
[EventDate "1988.12.??"]
[PlyCount "83"]

1.d4 Nf6 2.Nf3 c5 3.e3 d5 4.c4 e6 5.cxd5 exd5 6.Bb5+ Nc6 7.O-O Bd6 8.dxc5 
Bxc5 9.b3 O-O 10.Bb2 Qe7 11.Nbd2 Bd7 12.Bxc6 bxc6 13.Qc2 Bd6 14.Nd4 Qe5 
15.N4f3 Qe7 16.Rfe1 Rfe8 17.Rac1 Rac8 18.Bd4 Ne4 19.Nxe4 dxe4 20.Nd2 c5 
21.Bb2 Qh4 22.g3 Qh3 23.Qc4 Bg4 24.Qf1 Qh5 25.Rc4 f5 26.Ra4 Bb8 27.Qa6 Qh3
28.Qb7 Rc7 29.Qd5+ Kh8 30.f3 exf3 31.Nxf3 Qh5 32.Ne5 Rxe5 33.Bxe5 Rc8 34.
Bxg7+ Kxg7 35.Qd7+ Qf7 36.Rxg4+ fxg4 37.Qxg4+ Qg6 38.Qxc8 Bxg3 39.Qb7+ Kh6
40.hxg3 Qxg3+ 41.Kf1 Qf3+ 42.Qxf3 1-0

[Event "2nd GMA World Cup prel  #1"]
[Site "Belgrade YUG"]
[Date "1988.??.??"]
[Round "?"]
[White "Legky, Nikolai"]
[Black "Mohr, Georg"]
[Result "1/2-1/2"]
[WhiteElo "2380"]
[BlackElo "2460"]
[EventDate "1988.12.??"]
[PlyCount "101"]

1.d4 Nf6 2.Nf3 b5 3.Bg5 h6 4.Bxf6 exf6 5.e3 b4 6.Bc4 d5 7.Bb5+ c6 8.Bd3 
Bd6 9.c4 dxc4 10.Bxc4 O-O 11.Nbd2 Nd7 12.Qc2 Bb7 13.Ne4 Be7 14.Rd1 Qa5 15.
O-O Ba6 16.Nfd2 f5 17.Nb3 Qb6 18.Nec5 Nxc5 19.dxc5 Qb7 20.Rd4 Bxc4 21.Rxc4
g6 22.e4 fxe4 23.Qxe4 a5 24.h4 h5 25.g4 hxg4 26.h5 Qd7 27.hxg6 f5 28.Qh1 
Bf6 29.Nd4 Ra7 30.Nxc6 Rc7 31.Nxa5 Qb5 32.Qd5+ Kg7 33.Nb3 Rd8 34.Qe6 Re7 
35.Qb6 Qxc4 36.Qxd8 Kxg6 37.Qd6 Rh7 38.Re1 Qc2 39.c6 Qxb2 40.c7 Qc3 41.Re6
Rh8 42.Qc6 Kg5 43.Qxc3 bxc3 44.Rc6 Rc8 45.Nc5 Be5 46.Ne6+ Kf6 47.Nd4+ Kf7 
48.Nb5 Ke7 49.Rc5 Bxc7 50.Rxc3 Kd7 51.Nxc7 1/2-1/2

[Event "2nd GMA World Cup prel  #1"]
[Site "Belgrade YUG"]
[Date "1988.??.??"]
[Round "?"]
[White "Legky, Nikolai"]
[Black "Sinadinovic, Andelko"]
[Result "1/2-1/2"]
[WhiteElo "2380"]
[BlackElo "2350"]
[EventDate "1988.12.??"]
[PlyCount "95"]

1.d4 Nf6 2.Nf3 e6 3.c4 d5 4.Nc3 c5 5.cxd5 exd5 6.g3 Nc6 7.Bg2 Be7 8.O-O 
O-O 9.dxc5 Bxc5 10.Bg5 d4 11.Bxf6 Qxf6 12.Nd5 Qd8 13.Nd2 a6 14.Rc1 Ba7 15.
Nb3 Re8 16.Nf4 Qe7 17.Bxc6 bxc6 18.Nxd4 Qe4 19.Nxc6 Bb7 20.Qd5 Qxd5 21.
Nxd5 Bxc6 22.Rxc6 Rxe2 23.Kg2 Bd4 24.Nc7 Rd8 25.Rxa6 Rxb2 26.a4 h5 27.Nb5 
Bf6 28.Nd6 Bd4 29.a5 Ra2 30.Rc6 Ra8 31.Nc4 Rc2 32.Kf3 Re8 33.a6 Rc3+ 34.
Kf4 Re2 35.Rd1 Bf6 36.h4 Rec2 37.Rxf6 Rxf2+ 38.Ke5 Rxf6 39.Ra1 Rxa6 40.
Rxa6 Rxc4 41.Ra3 Kh7 42.Kf5 Rc6 43.Kf4 Rf6+ 44.Kg5 Rg6+ 45.Kxh5 f5 46.Rf3 
Rg4 47.Rxf5 Rxg3 48.Rg5 1/2-1/2

[Event "2nd GMA World Cup prel  #1"]
[Site "Belgrade YUG"]
[Date "1988.??.??"]
[Round "?"]
[White "Lein, Anatoly"]
[Black "Blees, Albert"]
[Result "1-0"]
[WhiteElo "2470"]
[BlackElo "2350"]
[EventDate "1988.12.??"]
[PlyCount "80"]

1.e4 e6 2.d4 d5 3.e5 b6 4.Bb5+ c6 5.Ba4 Ne7 6.c3 Nf5 7.Nd2 Be7 8.Ndf3 Bd7 
9.Bc2 Na6 10.h4 Nc7 11.Bg5 Bc8 12.Qd2 Ba6 13.Ne2 h6 14.Bxe7 Nxe7 15.h5 Qd7
16.Qf4 c5 17.Ng3 Rg8 18.O-O-O O-O-O 19.dxc5 bxc5 20.Ne4 Qc6 21.Nd6+ Kb8 
22.Qxf7 Nc8 23.Nxc8 Rxc8 24.Rhe1 Rcf8 25.Qe7 Rd8 26.Qh4 Bc4 27.Bb3 Bxb3 
28.axb3 d4 29.Qe4 Qb5 30.cxd4 Qxb3 31.dxc5 Nb5 32.Nd2 Qa2 33.Qb4 a6 34.Ne4
Ka7 35.c6 Rxd1+ 36.Rxd1 Rc8 37.Rd7+ Ka8 38.Nc3 Qa1+ 39.Kc2 Qe1 40.Qc5 Nc7 
1-0

[Event "2nd GMA World Cup prel  #1"]
[Site "Belgrade YUG"]
[Date "1988.??.??"]
[Round "?"]
[White "Lein, Anatoly"]
[Black "Kovacevic, Slobodan"]
[Result "0-1"]
[WhiteElo "2470"]
[BlackElo "2340"]
[EventDate "1988.12.??"]
[PlyCount "90"]

1.d4 Nf6 2.Nf3 e6 3.g3 c5 4.Bg2 cxd4 5.Nxd4 a6 6.e4 Qc7 7.O-O Nc6 8.Nc3 
Nxd4 9.Qxd4 Bc5 10.Bf4 d6 11.Qd2 h6 12.Rad1 e5 13.Be3 Ke7 14.h3 Be6 15.f4 
Rhd8 16.Nd5+ Bxd5 17.exd5 exf4 18.Rxf4 Kf8 19.Bxc5 Qxc5+ 20.Kh2 Nd7 21.b4 
Qc7 22.c4 b6 23.Bf3 Ne5 24.Bh5 Kg8 25.Rdf1 Rd7 26.Rc1 a5 27.a3 axb4 28.
axb4 Qd8 29.Be2 Ra3 30.Rc3 Rda7 31.Rf2 Qa8 32.Kg2 Rc7 33.Bf1 Rxc3 34.Qxc3 
b5 35.Qd4 bxc4 36.b5 Rc5 37.b6 Qb7 38.Ra2 Qxb6 39.Bxc4 Qb1 40.Ra8+ Kh7 41.
Be2 Qc2 42.Kf2 Rc3 43.Ra4 Rf3+ 44.Ke1 Qc1+ 45.Qd1 Qc3+ 0-1

[Event "2nd GMA World Cup prel  #1"]
[Site "Belgrade YUG"]
[Date "1988.??.??"]
[Round "?"]
[White "Lein, Anatoly"]
[Black "Zelcic, Robert"]
[Result "0-1"]
[WhiteElo "2470"]
[BlackElo "2375"]
[EventDate "1988.12.??"]
[PlyCount "120"]

1.e4 Nf6 2.e5 Nd5 3.c4 Nb6 4.c5 Nd5 5.Nc3 e6 6.d4 Nxc3 7.bxc3 b6 8.cxb6 
axb6 9.Qg4 c5 10.dxc5 Qc7 11.Nf3 Na6 12.Bxa6 Bxa6 13.Be3 Bxc5 14.Bxc5 Qxc5
15.Qb4 Qd5 16.Rd1 Qxa2 17.Nd2 Bd3 18.f3 Qa4 19.Qxa4 Rxa4 20.Kf2 Ke7 21.Ke3
Bg6 22.Ra1 Rha8 23.Rxa4 Rxa4 24.g4 Ra5 25.f4 Rd5 26.Ne4 Bxe4 27.Kxe4 b5 
28.Rb1 Rc5 29.Rb3 Kd8 30.Kd4 Rd5+ 31.Ke3 Kc7 32.Rb4 Rc5 33.Kd3 Kc6 34.Re4 
d5 35.exd6 Kxd6 36.Rb4 Rd5+ 37.Kc2 e5 38.Re4 f6 39.fxe5+ Rxe5 40.Rb4 h5 
41.h4 Ke6 42.Kd3 hxg4 43.Rxg4 Kf7 44.Kd4 Kg8 45.Rg1 Kh7 46.Rg4 Kh6 47.Rg3 
Rf5 48.Rg4 g6 49.Ke3 Rc5 50.Kd3 Kh5 51.Rb4 f5 52.Kd2 Rd5+ 53.Ke3 Re5+ 54.
Kd3 Re8 55.Rxb5 Kxh4 56.c4 f4 57.c5 f3 58.Rb6 g5 59.Rf6 Kg3 60.c6 f2 0-1

[Event "2nd GMA World Cup prel  #1"]
[Site "Belgrade YUG"]
[Date "1988.??.??"]
[Round "?"]
[White "Lematschko, Tatjana"]
[Black "Buljovcic, Ivan"]
[Result "1-0"]
[WhiteElo "2335"]
[BlackElo "2425"]
[EventDate "1988.12.??"]
[PlyCount "85"]

1.e4 c5 2.Nf3 d6 3.d3 Nc6 4.g3 g6 5.Bg2 Bg7 6.O-O e5 7.a4 Nge7 8.Be3 b6 9.
Qd2 h6 10.c4 Be6 11.Nc3 Nd4 12.Bxd4 exd4 13.Ne2 Qc8 14.Nf4 Bd7 15.Rfe1 Bc6
16.e5 dxe5 17.Nxe5 O-O 18.Nxc6 Nxc6 19.Nd5 Rb8 20.Re7 Qd8 21.Rc7 Rc8 22.
Rxc8 Qxc8 23.a5 Qe6 24.Re1 Qf5 25.Be4 Qg5 26.Qxg5 hxg5 27.axb6 axb6 28.
Nxb6 Ne5 29.Na4 Rc8 30.h3 Kf8 31.Rd1 Ke7 32.g4 Kd6 33.Ra1 Rb8 34.Ra3 Rb4 
35.Kf1 Nd7 36.Ke2 Bf8 37.b3 Ke5 38.Bc6 Nb8 39.Bb5 f5 40.Nb6 Bd6 41.Nc8 Ke6
42.Kd2 Bh2 43.Kc2 1-0

[Event "2nd GMA World Cup prel  #1"]
[Site "Belgrade YUG"]
[Date "1988.??.??"]
[Round "?"]
[White "Lematschko, Tatjana"]
[Black "Ivanov, Jordan"]
[Result "1/2-1/2"]
[WhiteElo "2335"]
[BlackElo "2425"]
[EventDate "1988.12.??"]
[PlyCount "20"]

1.d4 d5 2.c4 c6 3.Nf3 Nf6 4.cxd5 cxd5 5.Nc3 Nc6 6.Bg5 Bf5 7.e3 e6 8.Bd3 
Bxd3 9.Qxd3 Be7 10.O-O O-O 1/2-1/2

[Event "2nd GMA World Cup prel  #1"]
[Site "Belgrade YUG"]
[Date "1988.??.??"]
[Round "?"]
[White "Lematschko, Tatjana"]
[Black "Kapetanovic, Armin"]
[Result "1-0"]
[WhiteElo "2335"]
[BlackElo "2395"]
[EventDate "1988.12.??"]
[PlyCount "91"]

1.e4 c5 2.Nf3 Nc6 3.c3 Nf6 4.e5 Nd5 5.d4 cxd4 6.Bc4 e6 7.cxd4 d6 8.O-O Nb6
9.Bd3 dxe5 10.dxe5 Nb4 11.Be4 Qxd1 12.Rxd1 Bd7 13.Nd4 Be7 14.Bxb7 Rb8 15.
Be4 O-O 16.Nc3 Rfc8 17.a3 Nc6 18.Ndb5 a6 19.Nd6 Bxd6 20.exd6 a5 21.Nb5 Na4
22.Nc7 Ne5 23.Rb1 Nc4 24.b3 Nc3 25.bxc4 Rxb1 26.Bxb1 Nxd1 27.Bc2 Nc3 28.
Kf1 Bc6 29.f3 Rd8 30.Bd2 Na4 31.Bxa4 Bxa4 32.c5 Rb8 33.Bxa5 Rb2 34.Bb4 g5 
35.h3 Bc6 36.Kg1 h5 37.Na6 g4 38.hxg4 hxg4 39.fxg4 Rxg2+ 40.Kf1 Rxg4 41.
Nb8 Bb5+ 42.Kf2 Rc4 43.Ke3 e5 44.c6 f5 45.d7 Rd4 46.c7 1-0

[Event "2nd GMA World Cup prel  #1"]
[Site "Belgrade YUG"]
[Date "1988.??.??"]
[Round "?"]
[White "Lematschko, Tatjana"]
[Black "Plachetka, Jan"]
[Result "1-0"]
[WhiteElo "2335"]
[BlackElo "2400"]
[EventDate "1988.12.??"]
[PlyCount "105"]

1.e4 c5 2.c3 d5 3.exd5 Nf6 4.d4 cxd4 5.Qxd4 Qxd5 6.Nf3 Nc6 7.Qxd5 Nxd5 8.
Bc4 Nb6 9.Bb3 Bg4 10.Ng5 e6 11.Be3 h6 12.Ne4 Ne5 13.f3 Nxf3+ 14.gxf3 Bxf3 
15.Nf2 Bxh1 16.Nxh1 Rc8 17.Nd2 Bc5 18.Bf4 Ke7 19.Ne4 Rhd8 20.Ke2 Nd5 21.
Be5 f6 22.Nxc5 Rxc5 23.Bd4 Nf4+ 24.Kf3 Rh5 25.Ng3 Rh4 26.Re1 g6 27.Ne4 
Rxd4 28.cxd4 g5 29.d5 Rxh2 30.d6+ Kd8 31.Nxf6 Rd2 32.Rd1 Rxd1 33.Bxd1 Nd3 
34.Bb3 Ne5+ 35.Ke4 Nf7 36.Bxe6 Nxd6+ 37.Ke5 Nb5 38.Bg4 Kc7 39.Nd5+ Kc6 40.
Bf3 Nd6 41.Ne3+ Kc7 42.Kf6 Kb6 43.Ke5 Nf7+ 44.Kd5 Nd8 45.Nf5 Nc6 46.a3 Ka5
47.Nxh6 Nb8 48.Nf7 b5 49.b3 b4 50.a4 Nd7 51.Kd4 Nb6 52.Bc6 g4 53.Ne5 1-0

[Event "2nd GMA World Cup prel  #1"]
[Site "Belgrade YUG"]
[Date "1988.??.??"]
[Round "?"]
[White "Lerner, Konstantin"]
[Black "Popa, Valentin"]
[Result "1/2-1/2"]
[WhiteElo "2530"]
[BlackElo "2375"]
[EventDate "1988.12.??"]
[PlyCount "109"]

1.d4 d6 2.Nf3 Nf6 3.g3 g6 4.Bg2 Bg7 5.O-O O-O 6.c4 c6 7.Nc3 Qa5 8.h3 Qa6 
9.b3 b5 10.Nd2 bxc4 11.Nxc4 Be6 12.Ne3 Nbd7 13.Bb2 Rac8 14.Nc2 Nb6 15.e4 
Qa5 16.Re1 c5 17.d5 Bd7 18.Re3 Rb8 19.Rb1 Qa6 20.Kh2 Qc8 21.f4 a5 22.Qe2 
a4 23.e5 Ne8 24.Na3 axb3 25.axb3 e6 26.Nc4 Nxc4 27.bxc4 Qa6 28.Ra1 Qb6 29.
Ra2 Nc7 30.exd6 Ne8 31.dxe6 Bxe6 32.d7 Bxd7 33.Nd5 Qxb2 34.Rxb2 Rxb2 35.
Qd3 Be6 36.f5 Bxd5 37.Qxd5 Bd4 38.fxg6 hxg6 39.Re7 Kg7 40.g4 Nf6 41.Qf3 
Rc2 42.Re2 Rc3 43.Qf1 Rh8 44.Bf3 Nh7 45.Bg2 Ng5 46.Re7 Bf6 47.Rd7 Nxh3 48.
Bxh3 Be5+ 49.Kg1 Rhxh3 50.Qxf7+ Kh6 51.Qf8+ Kg5 52.Qxc5 Rc1+ 53.Kg2 Rc2+ 
54.Kg1 Rc1+ 55.Kg2 1/2-1/2

[Event "2nd GMA World Cup prel  #1"]
[Site "Belgrade YUG"]
[Date "1988.??.??"]
[Round "?"]
[White "Lerner, Konstantin"]
[Black "Rukavina, Josip"]
[Result "1/2-1/2"]
[WhiteElo "2530"]
[BlackElo "2455"]
[EventDate "1988.12.??"]
[PlyCount "105"]

1.d4 d6 2.Nf3 g6 3.c4 Bg7 4.Nc3 e5 5.d5 Nd7 6.e4 a5 7.Bd3 Ngf6 8.Bg5 h6 9.
Be3 O-O 10.h3 c6 11.Qd2 cxd5 12.cxd5 Kh7 13.O-O b6 14.g4 Nc5 15.Bc2 Bd7 
16.Qe2 Ne8 17.Nd2 h5 18.Kg2 Bh6 19.gxh5 Rg8 20.Bxh6 gxh5+ 21.Kh2 Kxh6 22.
Rg1 Rxg1 23.Rxg1 Qh4 24.Qe3+ Kh7 25.Rg3 Qe7 26.Nf3 Nf6 27.Ng5+ Kh8 28.f4 
Rg8 29.fxe5 h4 30.Nxf7+ Qxf7 31.Rxg8+ Nxg8 32.exd6 Qg6 33.Qf4 Kg7 34.Qxh4 
Qxd6+ 35.Qg3+ Qxg3+ 36.Kxg3 Nh6 37.e5 Nf5+ 38.Kf4 Nd4 39.Bb1 Bxh3 40.Ne4 
Bg2 41.Nf6 Kf7 42.Bh7 Nb5 43.Kg5 Nd4 44.e6+ Ndxe6+ 45.dxe6+ Kxe6 46.Ng4 
Bd5 47.a3 Bb3 48.Bg8+ Kd6 49.Bxb3 Nxb3 50.Kf4 Nd2 51.Ne3 a4 52.Nd1 Kc5 53.
Ke3 1/2-1/2

[Event "2nd GMA World Cup prel  #1"]
[Site "Belgrade YUG"]
[Date "1988.??.??"]
[Round "?"]
[White "Lin Ta"]
[Black "Dizdarevic, Emir"]
[Result "1-0"]
[WhiteElo "2380"]
[BlackElo "2495"]
[EventDate "1988.12.??"]
[PlyCount "97"]

1.d4 Nf6 2.c4 e6 3.Nf3 b6 4.g3 Ba6 5.Qb3 Bb7 6.Bg2 Qc8 7.O-O c5 8.dxc5 
Bxc5 9.Nc3 O-O 10.Rd1 Nc6 11.Qc2 Ng4 12.e3 Nce5 13.Nxe5 Nxe5 14.Bxb7 Qxb7 
15.Qe4 Qb8 16.f4 Ng4 17.Qf3 Nf6 18.b3 a6 19.g4 d5 20.g5 Bb4 21.Ne2 Ne4 22.
cxd5 exd5 23.Rxd5 Nc3 24.Nxc3 Bxc3 25.Rb1 b5 26.e4 b4 27.Be3 a5 28.Rbd1 a4
29.e5 axb3 30.axb3 Qc8 31.Rd7 Qa6 32.Bc5 Rfe8 33.Qd5 Qe6 34.Qxe6 Rxe6 35.
Rb7 Rc6 36.Be3 h6 37.Rdd7 hxg5 38.Rxf7 gxf4 39.Rxg7+ Kh8 40.Rh7+ Kg8 41.
Rhg7+ Kh8 42.Bxf4 Bd4+ 43.Kg2 Rc3 44.Rg3 Rf8 45.e6 Rc2+ 46.Kh3 Re2 47.Rb5 
Bg7 48.Rh5+ Kg8 49.Re5 1-0

[Event "2nd GMA World Cup prel  #1"]
[Site "Belgrade YUG"]
[Date "1988.??.??"]
[Round "?"]
[White "Lin Ta"]
[Black "Morovic Fernandez, Ivan"]
[Result "1-0"]
[WhiteElo "2380"]
[BlackElo "2545"]
[EventDate "1988.12.??"]
[PlyCount "57"]

1.d4 Nf6 2.c4 e6 3.Nf3 d5 4.Nc3 Nbd7 5.Bg5 h6 6.Bh4 Be7 7.e3 Ne4 8.Bxe7 
Qxe7 9.Qc2 c6 10.Bd3 f5 11.a3 b6 12.Ne2 Bb7 13.Nf4 Kf7 14.Be2 g5 15.Nd3 
Kg7 16.O-O dxc4 17.Nde5 g4 18.Nxd7 gxf3 19.gxf3 c5 20.dxc5 Qg5+ 21.Kh1 Kh7
22.Bxc4 Nd2 23.e4 Nxf1 24.Qc3 Rhd8 25.Bxe6 fxe4 26.Rxf1 e3 27.fxe3 Rxd7 
28.Bxd7 bxc5 29.e4 1-0

[Event "2nd GMA World Cup prel  #1"]
[Site "Belgrade YUG"]
[Date "1988.??.??"]
[Round "?"]
[White "Lin Ta"]
[Black "Zaichik, Gennadi"]
[Result "0-1"]
[WhiteElo "2380"]
[BlackElo "2510"]
[EventDate "1988.12.??"]
[PlyCount "84"]

1.d4 d6 2.Nf3 g6 3.g3 Bg7 4.Bg2 Nf6 5.O-O O-O 6.c4 c6 7.Nc3 Qa5 8.e4 Bg4 
9.h3 Bxf3 10.Bxf3 Nfd7 11.Be3 c5 12.dxc5 Bxc3 13.bxc3 Nxc5 14.e5 Nba6 15.
exd6 Rfd8 16.Bd4 Rxd6 17.Qe2 Re8 18.Be5 Rdd8 19.Rab1 b6 20.Bc6 Rf8 21.Bf4 
Rc8 22.Bb5 Ne6 23.Bh6 Rfd8 24.Rfd1 Nac5 25.Rxd8+ Rxd8 26.Rd1 Rxd1+ 27.Qxd1
Qxc3 28.Qe2 Qf6 29.Be3 Nd4 30.Qg4 Nf5 31.Bg5 Qa1+ 32.Kg2 h6 33.Bf4 e5 34.
Bd2 Qxa2 35.Qe2 Nb3 36.Qxe5 Qxd2 37.Qe8+ Kg7 38.Qe5+ Kh7 39.Qf6 Nd6 40.Bc6
Qd4 41.Qe7 Nc5 42.Bd5 Nce4 0-1